000 00908nam a2200265 a 4500
001 74516
003 BD-RjUL
005 20211209082550.0
008 970313r19981997enka b 001 0 eng d
020 _a0521461405 (hardbound)
020 _a0521467039 (pbk.)
035 _a(BD-RjUL)74734
040 _aDLC
_cDLC
_dDLC
_dBD-RjUL
_beng
041 _aeng
082 0 0 _a511.8
_221
_bFOM 1998
100 1 _aFowler, A. C.
_q(Andrew Cadle),
_d1953-
_9223644
245 1 0 _aMathematical models in the applied sciences /
_cA.C. Fowler.
260 _aCambridge ;
_aNew York, NY, USA :
_bCambridge University Press,
_cc1997 [Reprinted 1998].
300 _axiv, 402 p. :
_bill. ;
_c26 cm.
504 _aIncludes bibliographical references (p. 387-397) and index.
650 0 _aMathematical models.
_9223646
942 _2ddc
_cBK
999 _c74516
_d74516